Mal's General Knowledge 31 - Statistics

General Stats
  • This quiz has been taken 860 times
    826 since last reset
  • The average score is 9 of 21
Answer Stats
Hint Answer % Correct
3) What is the Periodic Symbol for 'Sodium'? Na
82%
7) What is the Southern Hemisphere equivalent of the 'Tropic of Cancer'? Tropic of Capricorn
78%
11) What is the nearest country to the island nation of Malta? Italy
76%
13) What is the FIFTH largest country in the World? Brazil
75%
20) What does the 'V' in DVD stand for? Versatile / Video
75%
5) Who wrote 'Pride and Prejudice'? Jane Austen
69%
6) The capital city of Malaysia is? Kuala Lumpur
66%
1) Which country in 'Central America' is the largest in Area? Nicaragua
57%
18) An 'Ozone' molecule consists of 3 atoms of which element? Oxygen
57%
8) What are the only creatures to have three (3) 'Hearts'? Cephalopods (Octopus / Squid)
53%
15) Which two (2) countries have the map of their country on their Flags? Cyprus
44%
14) Mt. Sidley is the highest dormant volcano on which continent? Antarctica
42%
17) Which country brews the most Beer? China
38%
19) The 'Red Giant' star 'Betelgeuse' is in which Constellation? Orion
26%
Kosovo
25%
9) An Old Folktale made into a play by George Bernard Shaw is "Androcles and the ...........?" Lion
16%
12) What are the Large and Small 'Magellanic Clouds'? Galaxies
12%
10) What was the name of the United States submarine that made the first submerged transit of the North Pole in 1958? USS Nautilus
10%
16) Which male tennis player was both the youngest ever World No. 1 (20 years 268 days) ....... and the youngest Year-end World No. 1? Lleyton Hewitt
7%
4) Who composed the symphonic suite 'Scheherazade'? Nikolai Rimsky-Korsakov
5%
2) What does a 'Heliculturist' grow? Snails
3%
No matching quizzes found
Score Distribution
Percent of People with Each Score
Percentile by Number Answered
Your Score History
You have not taken this quiz since the last reset